000 01057cab a22002415a 4500
001 L147625
008 090529e20090516xxk f 000 0 eng d
035 _a(Sirsi) u147625
041 0 _aeng
100 1 _aLal, Hamish
245 0 0 _aComplete debacle
260 _c2009
490 _aEstates Gazette
_v(0919) 16 May 2009, 106-107(2)
520 _a Practical completion should be defined expressly in building contracts to avoid complications that can arise over its exact meaning. Compares the interpretation of the term completion in the context of commercial leases with that in the building contract context. Discusses the interrelationship between the two legal independent agreements. Refers to case law.
590 _aKA
650 2 4 _aMENOLLY INVESTMENTS 3 SARL V CEREP SARL
650 2 4 _aEMSON EASTERN V EME DEVELOPMENTS
650 2 4 _aWESTMINISTER CORPORATION V J JARVIS & SONS LTD
650 2 4 _aMARINER INTERNATIONAL HOTELS LT V ATLAS LTD
651 4 _aEngland and Wales
_y1543-
690 _aConstruction management
_96230
942 _n0
999 _c81587
_d81587